| 000 | 00569nam a2200157Ia 4500 | ||
|---|---|---|---|
| 999 |
_c10380 _d10380 |
||
| 003 | OSt | ||
| 008 | 220308s9999 xx 000 0 und d | ||
| 020 | _a9781138111226 | ||
| 082 |
_a728.37309540904 _bDES |
||
| 100 | _aDesāī, Mādhavī; Desai, Miki, 1947-; Lang, Jon | ||
| 245 | 4 | _aThe bungalow in Twentieth-Century India : the cultural expression of changing ways of life and aspirations in the domestic architecture of colonial and post-colonial society | |
| 260 | _b Routledge; 1st edition (22 May 2017) | ||
| 365 | _cGBP | ||
| 365 | _d44.99 | ||
| 942 | _2ddc | ||